| 000 | 00902cam a2200265 i 4500 | ||
|---|---|---|---|
| 001 | 000006444 | ||
| 005 | 20200929153931.0 | ||
| 008 | 771214s1976 bo b 001 0 spa | ||
| 010 | _a77558081 | ||
| 040 |
_aDO-SdBNP _cDLC _dDLC |
||
| 043 |
_as------ _as-bo--- _as-pe--- |
||
| 050 | 0 | 0 |
_aF2233 _b.R65 |
| 100 | 2 |
_aRomero A. G., Gonzalo _q(Romero Alvarez Garcia), _d1916-1989. _917890 |
|
| 245 | 1 | 0 |
_aConquista de Nueva Toledo : _bel alzado de Charcas / _cGonzalo Romero A. G. |
| 250 | _a1. ed. | ||
| 260 |
_aLa Paz : _b[s.n.], _c1976. |
||
| 300 |
_axv p., p. 11-549 ; _c22 cm. |
||
| 504 | _aBibliography: p. 539-545. | ||
| 500 | _aIncludes index. | ||
| 651 | 0 |
_aSouth America _xHistory _yTo 1806. _917891 |
|
| 651 | 0 |
_aBolivia _xHistory _yTo 1809. _917892 |
|
| 651 | 0 |
_aPeru _xHistory _yConquest, 1522-1548. _917893 |
|
| 600 | 1 | 0 |
_aPizarro, Gonzalo, _dd. 1548. _917894 |
| 910 | _aCatalogación original noche | ||
| 999 |
_c6239 _d6239 |
||